Az adaptogén hatású Leuzeae radix és készítményeinek tanulmányozása

Elmentve itt :
Bibliográfiai részletek
Szerzők: Varga E.
Szendrei Kálmán
Hajdú Zsuzsanna
Dokumentumtípus: Cikk
Megjelent: 1985
Sorozat:HERBA HUNGARICA: A GYÓGYNÖVÉNY TÁRCAKÖZI BIZOTTSÁG KIADVÁNYA 24 No. 2-3
Tárgyszavak:
mtmt:1873801
Online Access:http://publicatio.bibl.u-szeged.hu/33136
LEADER 00778nab a2200217 i 4500
001 publ33136
005 20250520142356.0
008 250520s1985 hu o 000 hun d
022 |a 0018-0580 
024 7 |a 1873801  |2 mtmt 
040 |a SZTE Publicatio Repozitórium  |b hun 
041 |a hun 
100 1 |a Varga E. 
245 1 3 |a Az adaptogén hatású Leuzeae radix és készítményeinek tanulmányozása  |h [elektronikus dokumentum] /  |c  Varga E. 
260 |c 1985 
300 |a 165-176 
490 0 |a HERBA HUNGARICA: A GYÓGYNÖVÉNY TÁRCAKÖZI BIZOTTSÁG KIADVÁNYA  |v 24 No. 2-3 
650 4 |a Általános orvostudomány 
700 0 1 |a Szendrei Kálmán  |e aut 
700 0 1 |a Hajdú Zsuzsanna  |e aut 
856 4 0 |u http://publicatio.bibl.u-szeged.hu/33136/1/aok_klny_1303_85.pdf  |z Dokumentum-elérés